|
|
|
|
| LEADER |
00000nab a2200000 a 4500 |
| 001 |
vtls000878879 |
| 003 |
SK-MaSNL |
| 005 |
20260304112335.0 |
| 008 |
250429c2004 xo 0 slo |
| 015 |
|
|
|a SNBRB2004/07-21262
|
| 035 |
|
|
|a CLN000230427
|
| 035 |
|
|
|a urn:nbn:sk:snk-ab1kil
|
| 035 |
|
|
|a (urnnbn)urn:nbn:sk:snk:ar-004bh0
|
| 035 |
|
|
|a (uuid)0cf949ac-5f02-4696-8707-2dc88ac4bad4
|
| 040 |
|
|
|a SNKBUCL
|b slo
|c SNKBUCL
|e AACR2
|
| 041 |
0 |
|
|a slo
|
| 044 |
|
|
|a xo
|c SK
|
| 080 |
|
|
|a 908(84)
|2 1997
|
| 100 |
1 |
|
|a Terem, Jozef,
|d 1973-
|4 aut
|9 239868
|
| 245 |
1 |
0 |
|a Bolívia [-] Tibet Južnej Ameriky
|c Jozef Terem
|
| 300 |
|
|
|b Fotogr., mp.
|
| 651 |
|
7 |
|a Bolívia
|2 snkbucl
|9 17298
|
| 655 |
|
7 |
|a články z novín a časopisov
|2 snkbucl
|9 267496
|
| 773 |
0 |
|
|t Historická revue
|g Roč. XV, č. 5-6 (2004), s. 18-19
|x 1335-6550
|
| 850 |
|
|
|a Slovenská národná knižnica
|
| 852 |
|
|
|a Slovenská národná knižnica
|
| 954 |
|
|
|a odborná, vedecká literatúra pôvodná (slovenská)
|2 lita
|
| 958 |
|
|
|a article27
|
| 958 |
|
|
|a BO
|
| 958 |
|
|
|a OND
|
| 958 |
|
|
|a EUIPO
|
| 992 |
|
|
|a RBX
|
| 999 |
|
|
|c 2865415
|d 2867345
|